header

The Kenya law reports : (Record no. 266288)

MARC details
000 -LEADER
fixed length control field 01138cam a2200337 i 4500
001 - CONTROL NUMBER
control field 21654358
003 - CONTROL NUMBER IDENTIFIER
control field OSt
005 - DATE AND TIME OF LATEST TRANSACTION
control field 20260525115706.0
008 - FIXED-LENGTH DATA ELEMENTS--GENERAL INFORMATION
fixed length control field 200806m20159999ke w f000 0 eng
010 ## - LIBRARY OF CONGRESS CONTROL NUMBER
LC control number 2020339237
020 ## - INTERNATIONAL STANDARD BOOK NUMBER
International Standard Book Number 9966821619
Qualifying information (v. 1)
International Standard Book Number 9789966821614
035 ## - SYSTEM CONTROL NUMBER
System control number 21654358
040 ## - CATALOGING SOURCE
Original cataloging agency DLC
Language of cataloging eng
Description conventions rda
Transcribing agency DLC
042 ## - AUTHENTICATION CODE
Authentication code lcode
-- pcc
043 ## - GEOGRAPHIC AREA CODE
Geographic area code f-ke---
050 00 - LIBRARY OF CONGRESS CALL NUMBER
Classification number KSK2300
Item number .A49 2015
245 04 - TITLE STATEMENT
Title The Kenya law reports :
Remainder of title devolution /
Statement of responsibility, etc editor, Long'et Terer.
264 #1 - PRODUCTION, PUBLICATION, DISTRIBUTION, MANUFACTURE, AND COPYRIGHT NOTICE
Place of production, publication, distribution, manufacture Nairobi :
Name of producer, publisher, distributor, manufacturer National Council for Law Reporting (Kenya Law),
Date of production, publication, distribution, manufacture, or copyright notice 2015-
300 ## - PHYSICAL DESCRIPTION
Extent volumes ;
Dimensions 24 cm
336 ## - CONTENT TYPE
Content type term text
Content type code txt
Source rdacontent
337 ## - MEDIA TYPE
Media type term unmediated
Media type code n
Source rdamedia
338 ## - CARRIER TYPE
Carrier type term volume
Carrier type code nc
Source rdacarrier
650 #0 - SUBJECT ADDED ENTRY--TOPICAL TERM
Topical term or geographic name as entry element Decentralization in government
General subdivision Law and legislation
Geographic subdivision Kenya
Form subdivision Cases.
700 1# - ADDED ENTRY--PERSONAL NAME
Personal name Terer, Long'et,
Relator term editor.
710 2# - ADDED ENTRY--CORPORATE NAME
Corporate name or jurisdiction name as entry element National Council for Law Reporting (Kenya),
Relator term publisher.
906 ## - LOCAL DATA ELEMENT F, LDF (RLIN)
a 7
b cbc
c origode
d 2
e ncip
f 20
g y-gencatlg
942 ## - ADDED ENTRY ELEMENTS (KOHA)
Source of classification or shelving scheme Library of Congress Classification
Koha item type Long Loan Books
Holdings
Withdrawn status Lost status Source of classification or shelving scheme Damaged status Not for loan Collection code Home library Current library Shelving location Date acquired Source of acquisition Total Checkouts Full call number Barcode Date last seen Price effective from Koha item type
    Library of Congress Classification     Reference Rongo University Library Rongo University Library Reference 25/05/2026 Purchase LawAfrica   KSK2300 .A49 2015 20261913 25/05/2026 25/05/2026 Long Loan Books
    Library of Congress Classification     Reference Rongo University Library Rongo University Library Reference 25/05/2026 Purchase LawAfrica   KSK2300 .A49 2015 20261914 25/05/2026 25/05/2026 Long Loan Books

© 2026 Rongo University
Contact us: librarian | system librarian | Rongo university